[Event "only players under 2000"]
[Site "SchemingMind.com"]
[Date "2017.08.18"]
[Round "-"]
[White "Ronald R. Nurmi"]
[Black "Omahony"]
[Result "1-0"]
[WhiteCountry "USA"]
[BlackCountry "ENG"]
[WhiteElo "1785"]
[WhiteRD "77"]
[BlackElo "1774"]
[BlackRD "76"]
[GameID "417429"]

1. d4 d5 2. Bf4 c6 3. Nf3 Bf5 4. Nbd2 e6 5. c4 Qb6 6. b3 Nf6 7. e3 Bb4 8. Be2 h6 9. O-O O-O 10. Ne5 Nbd7
11. Ndf3 Bc3 12. Rc1 Bb4 13. Bd3 Bxd3 14. Qxd3 Rac8 15. h3 Rfd8 16. c5 Qa6 17. Qxa6 bxa6 18. Rc2 Ne4 19. Ra1 Ba5 20. a3 f6
21. Nd3 Bc7 22. Bxc7 Rxc7 23. Nd2 Nxd2 24. Rxd2 a5 25. b4 axb4 26. axb4 Rb8 27. Rb2 Rcb7 28. Ra6 Rc8 29. Rba2 Rcc7 30. Ra1 Kf7
31. Kf1 e5 32. Rb1 Nb8 33. Ra2 a6 34. dxe5 f5 35. f4 Ke6 36. Ke2 g5 37. Kf3 Rb5 38. g3 Ra7 39. Ra5 Rab7 40. Rb2 Ke7
41. Rxb5 Rxb5 42. g4 Ke6 43. Kg3 Nd7 44. h4 Rb7 45. Ra2 Nb8 46. fxg5 hxg5 47. hxg5 fxg4 48. Kxg4 Rf7 49. Rf2 Rxf2 50. Nxf2 Nd7
51. Nd3 Nxe5+ 52. Nxe5 Kxe5 53. g6 Kf6 54. Kh5 Kg7 55. Kg5 Kg8 56. Kf6 Kf8 57. Ke6
1-0

[Event "only players under 2000"]
[Site "SchemingMind.com"]
[Date "2017.08.18"]
[Round "-"]
[White "Omahony"]
[Black "Ronald R. Nurmi"]
[Result "1-0"]
[WhiteCountry "ENG"]
[BlackCountry "USA"]
[WhiteElo "1790"]
[WhiteRD "80"]
[BlackElo "1703"]
[BlackRD "84"]
[GameID "417430"]

1. d4 d5 2. Bf4 c5 3. c3 Nc6 4. e3 Qb6 5. Qb3 c4 6. Qc2 Nf6 7. Be2 Bf5 8. Qc1 e6 9. Nd2 Be7 10. h3 h6
11. Ngf3 O-O 12. O-O a5 13. b3 cxb3 14. axb3 Qd8 15. Ne5 Rc8 16. Qb2 b6 17. Rfc1 Nxe5 18. Bxe5 Bd6 19. Nf3 Ne4 20. c4 dxc4
21. bxc4 Bxe5 22. Nxe5 Nd6 23. c5 bxc5 24. dxc5 Ne4 25. c6 Qd2 26. Qxd2 Nxd2 27. Ra3 Ne4 28. Rxa5 Nf6 29. c7 Ne8 30. Rac5 Nd6
31. Ba6
1-0

[Event "only players under 2000"]
[Site "SchemingMind.com"]
[Date "2017.12.28"]
[Round "-"]
[White "dadshane2000"]
[Black "Chessibelle"]
[Result "1-0"]
[WhiteCountry "USA"]
[BlackCountry "ENG"]
[WhiteElo "1903"]
[WhiteRD "89"]
[BlackElo "1069"]
[BlackRD "60"]
[GameID "422482"]

1. d4 d5 2. c4 Nf6 3. cxd5 Nxd5 4. e4 e6 5. exd5 exd5 6. Nf3 c6 7. Be2 Be7 8. Bf4 O-O 9. O-O Nd7 10. Nc3 Bf6
11. Bd3 g6 12. Bh6 Re8 13. Re1 a6 14. Rxe8+ Qxe8 15. Qd2 b5 16. Re1 Qd8 17. Qe3 Bb7 18. Bg5 Qf8 19. Bxf6 Nxf6 20. Qe7 Ng4
21. Qxb7 Qd6 22. Qxa8+ Kg7 23. Ne5 Qf6 24. Nxg4 Qxd4 25. Ne5 Qf4 26. Nf3 Kh6 27. Qxc6 Qg4 28. Qf6 b4 29. Ne5 Qh5 30. Nxf7#
1-0

[Event "only players under 2000"]
[Site "SchemingMind.com"]
[Date "2017.12.28"]
[Round "-"]
[White "Chessibelle"]
[Black "dadshane2000"]
[Result "0-1"]
[WhiteCountry "ENG"]
[BlackCountry "USA"]
[WhiteElo "1069"]
[WhiteRD "60"]
[BlackElo "1903"]
[BlackRD "89"]
[GameID "422483"]

1. e4 c5 2. Nc3 Nc6 3. d3 e6 4. Nf3 d5 5. Be2 d4 6. Nb5 a6 7. Na3 Be7 8. Nc4 Nf6 9. O-O Qc7 10. Qd2 e5
11. a3 b5 12. Ne3 dxe3 13. Qxe3 Bg4 14. c3 h6 15. Bd1 O-O 16. Bb3 Rad8 17. c4 b4 18. Bd2 Bxf3 19. Qxf3 Nd4 20. Qd1 Nxb3
21. Qxb3 Nxe4 22. Be3 Nf6 23. Qc2 Ng4 24. Qe2 Nxe3 25. fxe3 a5 26. a4 Rd6 27. e4 Bg5 28. Qf3 Rf6 29. Qg4 Rxf1+ 30. Rxf1 Qd6
31. Qe2 Qd4+ 32. Kh1 Rd8 33. Qf3 Rd7 34. g3 Qxd3 35. Qg4 Qxf1#
0-1

[Event "only players under 2000"]
[Site "SchemingMind.com"]
[Date "2018.01.13"]
[Round "-"]
[White "thefriediceman"]
[Black "Aba"]
[Result "1-0"]
[WhiteCountry "USA"]
[BlackCountry "ISR"]
[WhiteElo "2049"]
[WhiteRD "100"]
[BlackElo "1801"]
[BlackRD "70"]
[GameID "423209"]

1. e4 e5 2. Nc3 Nc6 3. g3 Nf6 4. Bg2 Bc5 5. Nge2 d6 6. O-O Be6 7. h3 Qd7 8. Kh2 h6 9. f4 exf4 10. Nxf4 O-O-O
11. Nxe6 Qxe6 12. d3 a6 13. a3 Nd4 14. Ne2 g5 15. Nxd4 Bxd4 16. c3 Bb6 17. Qf3 Nd7 18. Qxf7 Qxf7 19. Rxf7 Ne5 20. Rf5 Nxd3
21. b4 Rhf8 22. Bd2 Rde8 23. Raf1 Rh8 24. c4 Bd4 25. Rd5 c5 26. Rxd6 Rd8 27. Rxd8+ Kxd8 28. Rf7 Kc8 29. Bf1 Ne5 30. Rf5 Re8
31. Be2 Kc7 32. Kg2 b6 33. Rf6 Nxc4 34. Rf7+
1-0

[Event "only players under 2000"]
[Site "SchemingMind.com"]
[Date "2018.01.13"]
[Round "-"]
[White "Aba"]
[Black "thefriediceman"]
[Result "0-1"]
[WhiteCountry "ISR"]
[BlackCountry "USA"]
[WhiteElo "1793"]
[WhiteRD "69"]
[BlackElo "1994"]
[BlackRD "108"]
[GameID "423210"]

1. e4 e6 2. d4 d5 3. Nc3 Nf6 4. e5 Nfd7 5. f4 a6 6. a4 c5 7. Nf3 Nc6 8. Bd2 cxd4 9. Ne2 Qb6 10. b3 Bc5
11. g3 d3
0-1

[Event "only players under 2000"]
[Site "SchemingMind.com"]
[Date "2018.01.15"]
[Round "-"]
[White "Abstract Actuary"]
[Black "David Hartley"]
[Result "1-0"]
[WhiteCountry "USA"]
[BlackCountry "ENG"]
[WhiteElo "1874"]
[WhiteRD "73"]
[BlackElo "1738"]
[BlackRD "70"]
[GameID "423295"]

1. e4 e5 2. Nf3 Nc6 3. c3 d5 4. Qa4 Bd7 5. exd5 Nd4 6. Qd1 Nxf3+ 7. Qxf3 Nf6 8. Bc4 e4 9. Qe2 Bd6 10. d4 O-O
11. h3 Re8 12. Be3 a5 13. Nd2 Rb8 14. O-O h6 15. Bb3 Nh7 16. Nc4 Ra8 17. Nxd6 cxd6 18. Qh5 f5 19. Qg6 Qf6 20. Qg3 Red8
21. a4 Kh8 22. c4 Qe7 23. c5 Nf6 24. Rfc1 dxc5 25. d6 Qf8 26. dxc5 Bc6 27. Be6 Bd7 28. Bxd7 Rxd7 29. Rc2 Ra6 30. Rd1 Rc6
31. Rcd2 Ne8 32. Qe5 Kh7 33. Qe6 Rd8 34. Rd5 g6 35. Re5 Nc7 36. Qe7+
1-0

[Event "only players under 2000"]
[Site "SchemingMind.com"]
[Date "2018.01.15"]
[Round "-"]
[White "David Hartley"]
[Black "Abstract Actuary"]
[Result "0-1"]
[WhiteCountry "ENG"]
[BlackCountry "USA"]
[WhiteElo "1738"]
[WhiteRD "70"]
[BlackElo "1874"]
[BlackRD "73"]
[GameID "423296"]

1. e4 e6 2. d4 d5 3. Nc3 Bb4 4. e5 c5 5. Qg4 Ne7 6. dxc5 Nbc6 7. Bd2 O-O 8. O-O-O f5 9. exf6 Rxf6 10. Bd3 e5
11. Qh5 e4 12. Be2 Rxf2 13. Qg5 Rf5 14. Qg3 Bxc5 15. Bg4 Rf8 16. Bxc8 Rxc8 17. Bh6 Nf5
0-1

[Event "only players under 2000"]
[Site "SchemingMind.com"]
[Date "2018.01.24"]
[Round "-"]
[White "aliwood"]
[Black "embuchador"]
[Result "0-1"]
[WhiteCountry "ENG"]
[BlackCountry "INT"]
[WhiteElo "1325"]
[WhiteRD "61"]
[BlackElo "1956"]
[BlackRD "290"]
[GameID "423508"]

1. Nf3 c5 2. c4 Nc6 3. Nc3 g6 4. e3 Bg7 5. d4 d6 6. Be2 Nf6 7. O-O e6 8. b3 cxd4 9. exd4 O-O 10. Re1 Ne7
11. Bb2 b6
0-1

[Event "only players under 2000"]
[Site "SchemingMind.com"]
[Date "2018.01.24"]
[Round "-"]
[White "embuchador"]
[Black "aliwood"]
[Result "1-0"]
[WhiteCountry "INT"]
[BlackCountry "ENG"]
[WhiteElo "1956"]
[WhiteRD "290"]
[BlackElo "1325"]
[BlackRD "61"]
[GameID "423509"]

1. e4 e5 2. Nf3 Nc6 3. d4 exd4 4. c3 dxc3 5. Nxc3 Bb4 6. Bc4 Nf6 7. e5 d5 8. exf6 gxf6 9. Bb5 Bd7 10. O-O Ne5
11. Nxe5 fxe5 12. Qxd5
1-0

[Event "only players under 2000"]
[Site "SchemingMind.com"]
[Date "2018.01.30"]
[Round "-"]
[White "Hisjazzrabbit"]
[Black "DANDYLIONHONEYBADGER"]
[Result "0-1"]
[WhiteCountry "FRA"]
[BlackCountry "USA"]
[WhiteElo "1489"]
[WhiteRD "131"]
[BlackElo "1404"]
[BlackRD "70"]
[GameID "423904"]

1. e4 Nc6 2. Nf3 h6 3. d4 e5 4. dxe5 f6 5. exf6 gxf6 6. Be2 a6 7. Bd2 b6 8. O-O Qe7 9. a3 a5 10. Nc3 h5
11. Nh4 Nd4 12. Ng6 Qh7 13. Nxh8 Qxh8 14. Bxh5+ Kd8 15. Be3 Ne6 16. e5 fxe5 17. Bf3 Ra6 18. Be4 Nf6 19. Bd5 d6 20. Bxe6 Bxe6
21. f4 Ng4 22. Bf2 Qxh2#
0-1

[Event "only players under 2000"]
[Site "SchemingMind.com"]
[Date "2018.01.30"]
[Round "-"]
[White "DANDYLIONHONEYBADGER"]
[Black "Hisjazzrabbit"]
[Result "0-1"]
[WhiteCountry "USA"]
[BlackCountry "FRA"]
[WhiteElo "1345"]
[WhiteRD "74"]
[BlackElo "1454"]
[BlackRD "122"]
[GameID "423905"]

1. e4 c5 2. Be2 Nf6 3. f3 d6 4. h3 d5 5. e5 Nh5 6. Kf2 c4 7. d3 Qb6+ 8. Be3 Qxb2 9. Nd2 Qxe5 10. Nf1 g5
11. d4 Qf6 12. c3 e6 13. Qc1 h6 14. g4 Nf4 15. Bxf4 gxf4 16. h4 h5 17. g5 Qf5 18. Nh3 Bd6 19. Bd1 e5 20. Bc2 Qe6
21. Ba4+ Bd7 22. Bxd7+ Nxd7 23. Qb2 b6 24. Re1 e4 25. Nd2 e3+ 26. Kg2 Nf8 27. Qb5+ Ke7 28. Qc6 Ng6 29. Qb7+ Qd7 30. Qxd5 Nxh4+
31. Kh2 Qe6 32. Qb7+ Qd7 33. Qxd7+ Kxd7 34. Ng1 Nf5 35. Nxc4 Be7 36. Ne5+ Ke8 37. g6 fxg6 38. Nxg6 Rh6 39. Nxf4 h4 40. Nd5 Bd6+
41. f4 Kd7 42. Nf3 Kc6 43. c4 b5 44. Ne5+ Bxe5 45. dxe5 bxc4 46. Nb4+ Kc5 47. Nc2 Rg8 48. Nxe3 h3 49. Rhg1 Rxg1 50. Nf1 Rg2+
51. Kh1 c3 52. Ne3 Ng3#
0-1

[Event "only players under 2000"]
[Site "SchemingMind.com"]
[Date "2018.02.09"]
[Round "-"]
[White "Krolewna"]
[Black "Wojtek26"]
[Result "1-0"]
[WhiteCountry "POL"]
[BlackCountry "POL"]
[WhiteElo "1915"]
[WhiteRD "80"]
[BlackElo "1426"]
[BlackRD "54"]
[GameID "424575"]

1. b4 d6 2. Bb2 e5 3. e3 Nf6 4. Nf3 Be7 5. Be2 O-O 6. O-O a6 7. c4 Nc6 8. a3 Bf5 9. d3 h6 10. Nbd2 e4
11. dxe4 Nxe4 12. Nxe4 Bxe4 13. Bd3 Bxd3 14. Qxd3 Bf6 15. Bxf6 Qxf6 16. Rac1 Ne5 17. Nxe5 Qxe5 18. Qd5 Qxd5 19. cxd5 Rac8= 20. g3 Rfe8
21. Kg2 Re4 22. Rc2 f6 23. Rfc1 Re7 24. Rc4 b5 25. Rc6 g5 26. Rxd6
1-0

[Event "only players under 2000"]
[Site "SchemingMind.com"]
[Date "2018.02.09"]
[Round "-"]
[White "Wojtek26"]
[Black "Krolewna"]
[Result "0-1"]
[WhiteCountry "POL"]
[BlackCountry "POL"]
[WhiteElo "1426"]
[WhiteRD "54"]
[BlackElo "1915"]
[BlackRD "80"]
[GameID "424576"]

1. e4 e5 2. f4 exf4 3. Nf3 g5 4. h4 g4 5. Ne5 Nf6 6. Bc4 d5 7. exd5 Bd6 8. d4 Nh5 9. O-O Qxh4 10. Bxf4 g3
11. Bxg3 Nxg3 12. Rxf7 Qh1+
0-1

[Event "only players under 2000"]
[Site "SchemingMind.com"]
[Date "2018.02.19"]
[Round "-"]
[White "Wojciech  Langer"]
[Black "John Hamer"]
[Result "1/2-1/2"]
[WhiteCountry "INT"]
[BlackCountry "ENG"]
[WhiteElo "1799"]
[WhiteRD "89"]
[BlackElo "2041"]
[BlackRD "66"]
[GameID "424854"]

1. Nf3 Nf6 2. g3 d5 3. Bg2 Bf5 4. O-O e6 5. d3 Bc5 6. Re1 O-O 7. Nbd2 Nc6 8. Nb3 Qd6 9. Nxc5 Qxc5 10. c3 Rad8
11. Bf4 Qb6 12. b3 Rfe8 13. a3 Bg6 14. Qc2 e5 15. Be3 d4 16. cxd4 exd4 17. Bd2 Nd5 18. Kh1 Bf5 19. Rad1 Ne5 20. Bf4 Nd7
21. Bd2 Ne5=
1/2-1/2

[Event "only players under 2000"]
[Site "SchemingMind.com"]
[Date "2018.02.17"]
[Round "-"]
[White "John Hamer"]
[Black "Wojciech  Langer"]
[Result "1-0"]
[WhiteCountry "ENG"]
[BlackCountry "INT"]
[WhiteElo "2041"]
[WhiteRD "66"]
[BlackElo "1799"]
[BlackRD "89"]
[GameID "424855"]

1. c4 Nf6 2. Nf3 g6 3. d4 Bg7 4. Nc3 d6 5. Bf4 O-O 6. e3 e5 7. dxe5 dxe5 8. Bxe5 Nc6 9. Qxd8 Nxd8 10. Bxc7 Nc6
11. O-O-O Be6 12. Bd3 Rac8 13. Bg3 a6 14. Rhe1 Rfe8 15. Bd6 Ng4 16. Re2 Red8 17. c5 Bxc3 18. bxc3 Bxa2 19. Rxa2
1-0

[Event "only players under 2000"]
[Site "SchemingMind.com"]
[Date "2018.02.22"]
[Round "-"]
[White "Krolewna"]
[Black "Omahony"]
[Result "1-0"]
[WhiteCountry "POL"]
[BlackCountry "ENG"]
[WhiteElo "2064"]
[WhiteRD "64"]
[BlackElo "1786"]
[BlackRD "71"]
[GameID "425083"]

1. d4 d5 2. c4 Bf5 3. Nf3 e6 4. Nc3 c6 5. Qb3 Qb6 6. c5 Qc7 7. g3 h6 8. Bg2 Nf6 9. O-O Nbd7 10. Bf4 Qc8
11. Nd2 Be7 12. e4 dxe4 13. Ndxe4 Nxe4 14. Nxe4 O-O 15. Rfe1 Nf6 16. Nd6 Bxd6 17. Bxd6 Re8 18. Re3 Qd7 19. Rc1 Nd5 20. Bxd5 exd5
21. Rce1 Re6 22. Rxe6 Bxe6 23. f4 b6 24. a4 Qb7 25. a5 b5 26. Qd1 Qa6 27. b4 Qc8 28. f5 Bxf5 29. Re7 Be6 30. Qh5 Qd8
31. g4 a6 32. h4 Kh7 33. g5 Qg8 34. Rxe6 fxe6 35. g6+ Kh8 36. Be5
1-0

[Event "only players under 2000"]
[Site "SchemingMind.com"]
[Date "2018.02.22"]
[Round "-"]
[White "Omahony"]
[Black "Krolewna"]
[Result "0-1"]
[WhiteCountry "ENG"]
[BlackCountry "POL"]
[WhiteElo "1786"]
[WhiteRD "71"]
[BlackElo "2064"]
[BlackRD "64"]
[GameID "425084"]

1. d4 f5 2. e3 Nf6 3. Bd3 g6 4. f4 Bg7 5. Nd2 b6 6. Ngf3 Bb7 7. O-O O-O 8. c3 d6 9. Qb3+ Bd5 10. c4 Bb7
11. d5 Nbd7 12. Qc2 Nc5 13. Be2 Re8 14. h3 e6 15. dxe6 Rxe6 16. Nb3 Nfe4 17. Nbd4 Re7 18. Kh2 Qd7 19. b3 Rae8 20. Bb2 Nf6
21. Bc1 Nh5 22. Re1 Nxf4 23. Bd2 Nxg2 24. Kxg2 Bxd4 25. exd4 Rxe2+ 26. Kf1 Bxf3 27. dxc5 dxc5 28. Qc3 Bg2+ 29. Kg1 Bxh3 30. Rxe2 Rxe2
31. Re1 Rg2+ 32. Kh1 Qc6
0-1

[Event "only players under 2000"]
[Site "SchemingMind.com"]
[Date "2018.03.31"]
[Round "-"]
[White "ArtistDude"]
[Black "wight knight"]
[Result "1-0"]
[WhiteCountry "USA"]
[BlackCountry "ENG"]
[WhiteElo "1859"]
[WhiteRD "88"]
[BlackElo "1336"]
[BlackRD "60"]
[GameID "426333"]

1. d4 Nc6 2. Bf4 f6 3. e3 e5 4. dxe5 g5 5. Qh5+ Ke7 6. exf6+ Nxf6 7. Bxg5 Ke6 8. Bxf6 Qxf6 9. Bc4+ d5 10. Qxd5+ Ke7
11. Nc3 a6 12. Qc5+ Ke8 13. Qh5+ Qg6 14. Qxg6+ hxg6 15. h3 Nb4 16. O-O-O b5 17. Bb3 Ke7 18. Nge2 Be6 19. Nd5+ Nxd5 20. Bxd5 Bxd5
21. Rxd5 c6 22. Rd3 Rd8 23. Rxd8 Kxd8 24. Rd1+ Kc7 25. Nf4 Kb6 26. Nxg6 Rg8 27. Nxf8 Rxf8 28. f4 a5 29. a3 a4 30. c3 Rg8
31. Rd2 Rg3 32. Re2 Ka5 33. e4 c5 34. Kc2 Rg7 35. e5 Kb6 36. e6 Re7 37. f5 Kc6 38. f6 Re8 39. f7 Rf8 40. e7 Rxf7
41. e8=Q+ Rd7 42. Qe6+ Rd6 43. Qc8+ Kd5 44. Rd2+ Ke5 45. Qxc5+
1-0

[Event "only players under 2000"]
[Site "SchemingMind.com"]
[Date "2018.03.31"]
[Round "-"]
[White "wight knight"]
[Black "ArtistDude"]
[Result "0-1"]
[WhiteCountry "ENG"]
[BlackCountry "USA"]
[WhiteElo "1336"]
[WhiteRD "60"]
[BlackElo "1859"]
[BlackRD "88"]
[GameID "426334"]

1. e4 d6 2. Bc4 Nf6 3. f3 c5 4. d3 a6 5. Bg5 e6 6. Bxf6 Qxf6 7. h4 Qxb2 8. Nd2 Qf6 9. g4 b5 10. g5 Qe5
11. Bb3 g6 12. h5 Qg3+ 13. Kf1 Qxg5 14. a4 Bg7 15. hxg6 fxg6 16. Nh3 Qe7 17. axb5 Bxa1 18. Qxa1 O-O 19. f4 Qg7 20. Qxg7+ Kxg7
21. Ng5 Rxf4+ 22. Ke2 axb5 23. Bxe6 h6 24. Bxc8 hxg5 25. Nf3 Ra2 26. Nxg5 Rxc2+ 27. Ke3 Rff2 28. Re1 b4 29. Nh3 Rf6 30. Nf4 Nc6
31. Bb7 Ne5 32. Rg1 Rxf4 33. Kxf4 Nxd3+ 34. Ke3 c4 35. Bd5 b3 36. Kd4 Ne5 37. Ke3 Rc3+ 38. Kd2 Rd3+ 39. Kc1 Rc3+ 40. Kb2 Rc2+
41. Kb1 Nf3 42. Rc1 Nd2+ 43. Ka1 Ra2#
0-1

[Event "only players under 2000"]
[Site "SchemingMind.com"]
[Date "2018.04.10"]
[Round "-"]
[White "embuchador"]
[Black "John Hamer"]
[Result "0-1"]
[WhiteCountry "INT"]
[BlackCountry "ENG"]
[WhiteElo "1794"]
[WhiteRD "195"]
[BlackElo "2044"]
[BlackRD "67"]
[GameID "426799"]

1. c4 Nf6 2. g3 d5 3. cxd5 Nxd5 4. Bg2 e6 5. Nf3 Nc6 6. a3 Bd6 7. Nc3 O-O 8. d3 Bd7 9. Ne4 Be7 10. b4 Rb8
11. Bb2 f5 12. Ned2 a6 13. O-O f4 14. Ne4 Qe8 15. Qd2 Rd8 16. Rac1 Qh5 17. Nc5 Bc8 18. Nd4 Nxd4 19. Bxd4 e5 20. Ba1 Bg5
21. Ne4 fxg3 22. Nxg5 Qxh2#
0-1

[Event "only players under 2000"]
[Site "SchemingMind.com"]
[Date "2018.04.08"]
[Round "-"]
[White "John Hamer"]
[Black "embuchador"]
[Result "1-0"]
[WhiteCountry "ENG"]
[BlackCountry "INT"]
[WhiteElo "2044"]
[WhiteRD "67"]
[BlackElo "1794"]
[BlackRD "195"]
[GameID "426800"]

1. d4 f5 2. Nf3 Nf6 3. c4 g6 4. Nc3 Bg7 5. Qc2 d6 6. Bf4 c6 7. Rd1 e6 8. e3 O-O 9. Bd3 Qe7 10. O-O Nh5
11. Bg5 Qf7 12. e4 f4 13. e5 dxe5 14. dxe5 Nd7 15. g4 fxg3 16. fxg3 Qe8 17. Be2 Nxe5 18. Nxe5 Bxe5 19. Rxf8+
1-0

[Event "only players under 2000"]
[Site "SchemingMind.com"]
[Date "2018.04.21"]
[Round "-"]
[White "ArtistDude"]
[Black "Abstract Actuary"]
[Result "0-1"]
[WhiteCountry "USA"]
[BlackCountry "USA"]
[WhiteElo "1826"]
[WhiteRD "94"]
[BlackElo "1931"]
[BlackRD "76"]
[GameID "427116"]

1. d4 Nf6 2. Bf4 d5 3. e3 Bf5 4. Nf3 c5 5. Bd3 Qd7 6. Qe2 a6 7. c3 c4 8. Bc2 Nc6 9. Bxf5 Qxf5 10. Ne5 Nd7
11. g4 Qe6 12. Nxd7 Qxd7 13. Nd2 g6 14. h4 Bg7 15. h5 h6 16. hxg6 fxg6 17. O-O-O g5 18. Bg3 O-O-O 19. f4 Rhf8 20. f5 e6
21. fxe6 Qxe6 22. e4 dxe4 23. Nxe4 Qd5 24. Nc5 Rde8 25. Qd2 Rf3 26. Bh2 Qf7 27. Qc2 Rf2 28. Rd2 Rf1+ 29. Rxf1 Qxf1+ 30. Rd1 Qf3
31. Qf5+ Qxf5 32. gxf5 Re2 33. Ne6 Bf6 34. Bd6 Kd7 35. Bc5 Ne7 36. Rf1 h5 37. Nf8+ Kc6 38. Nh7 Nd5 39. Nxf6 Nxf6 40. Bf8 g4
41. Bg7 Nd7 42. f6 g3 43. d5+ Kxd5 44. Rf5+ Re5 45. Rf1 g2 46. Rg1 Rg5 47. Kd2 h4 48. Bh6 Rg6 49. Bf4 Nxf6
0-1

[Event "only players under 2000"]
[Site "SchemingMind.com"]
[Date "2018.04.21"]
[Round "-"]
[White "Abstract Actuary"]
[Black "ArtistDude"]
[Result "1-0"]
[WhiteCountry "USA"]
[BlackCountry "USA"]
[WhiteElo "1931"]
[WhiteRD "76"]
[BlackElo "1826"]
[BlackRD "94"]
[GameID "427117"]

1. e4 Nc6 2. d4 e5 3. d5 Nce7 4. Nf3 Ng6 5. h4 h5 6. Bg5 Nf6 7. Nc3 Bb4 8. a3 Bxc3+ 9. bxc3 d6 10. Bb5+ Bd7
11. c4 a6 12. Bxd7+ Qxd7 13. Bxf6 gxf6 14. g3 O-O-O 15. Nh2 Qh3 16. Qf3 Qd7 17. Nf1 Qg4 18. Qxg4+ hxg4 19. Ne3 Rdg8 20. Nxg4 Nxh4
21. Nxf6 Nf3+ 22. Ke2 Nd4+ 23. Kd3 Rd8 24. Rab1 b6 25. Rh7 Rxh7 26. Nxh7 Rg8 27. Rh1 f5 28. exf5 Nxf5 29. Nf6 Nxg3 30. fxg3 Rxg3+
31. Kd2 Rxa3 32. Rh8+ Kb7 33. Rh7 Ra4 34. Kd3 b5 35. cxb5 Rd4+ 36. Kc3 axb5 37. Kb3 Kb6 38. c3 Rc4 39. Nd7+ Kb7 40. Rh1 c6
41. Rh7 Ka6 42. dxc6 e4 43. Re7 d5 44. Ne5 Ra4 45. c7
1-0

[Event "only players under 2000"]
[Site "SchemingMind.com"]
[Date "2018.04.22"]
[Round "-"]
[White "Barry Hampton"]
[Black "thefriediceman"]
[Result "0-1"]
[WhiteCountry "ENG"]
[BlackCountry "USA"]
[WhiteElo "1920"]
[WhiteRD "106"]
[BlackElo "2050"]
[BlackRD "102"]
[GameID "427398"]

1. Nf3 d5 2. g3 Nf6 3. Bg2 c5 4. d3 Nc6 5. O-O e5 6. Nbd2 Bd6 7. e4 d4 8. Nc4 Bc7 9. a4 h6 10. Nh4 Be6
11. b3 Qd7 12. f4 Bg4 13. Nf3 exf4 14. Bxf4 Bxf4 15. gxf4 O-O 16. e5 Nd5 17. Qd2 Nce7 18. Qf2 Nxf4 19. Ne1 Neg6 20. Nf3 Nxg2
21. Qxg2 Bh3
0-1

[Event "only players under 2000"]
[Site "SchemingMind.com"]
[Date "2018.04.22"]
[Round "-"]
[White "thefriediceman"]
[Black "Barry Hampton"]
[Result "1-0"]
[WhiteCountry "USA"]
[BlackCountry "ENG"]
[WhiteElo "2068"]
[WhiteRD "104"]
[BlackElo "1899"]
[BlackRD "99"]
[GameID "427399"]

1. e4 e6 2. Nc3 d5 3. g3 c5 4. Bg2 Nf6 5. d3 Nc6 6. f4 Be7 7. e5 Nd7 8. Nf3 O-O 9. O-O a6 10. Ne2 b6
11. c3 Bb7 12. Be3 Qc7 13. Qd2 f5 14. exf6 Nxf6 15. h3 h6 16. Nh4 Rfe8 17. f5 Bf8 18. Ng6 Ne7 19. Nxf8 Kxf8 20. fxe6 Ng8
21. Nf4 Ne7 22. Nh5 Qe5 23. Nxf6 gxf6 24. Bxh6+ Kg8 25. Qe3 Ng6 26. Qxe5 Nxe5 27. d4 Rxe6 28. dxe5 fxe5 29. Be3 Kg7 30. Rad1 e4
31. Rf4 Rf8 32. Rxf8 Kxf8 33. Rf1+ Ke7 34. Rf4 Kd6 35. Rf7 Kc6 36. Bf1 c4 37. Be2 Bc8 38. Bg4 Re8 39. Rf6+ Kc7 40. Bxc8 Rxc8
41. Bxb6+
1-0

[Event "only players under 2000"]
[Site "SchemingMind.com"]
[Date "2018.05.16"]
[Round "-"]
[White "Robert Hatfield"]
[Black "kenneth m day"]
[Result "1-0"]
[WhiteCountry "USA"]
[BlackCountry "USA"]
[WhiteElo "1899"]
[WhiteRD "79"]
[BlackElo "1756"]
[BlackRD "61"]
[GameID "428276"]

1. e4 e5 2. Nf3 Nc6 3. Nc3 Nf6 4. Bb5 Bc5 5. O-O O-O 6. Nxe5 Re8 7. Nxc6 dxc6 8. Bc4 Bg4 9. Be2 Be6 10. d3 Qd6
11. Be3 Bxe3 12. fxe3 Rad8 13. Qe1 Qe5 14. Qh4 b5 15. d4 Qd6 16. e5 Qe7 17. exf6 gxf6 18. Qxf6 Qxf6 19. Rxf6 Bc8 20. Rf3 Kf8
21. Raf1 Be6 22. Bd3 Ke7 23. Ne4 f5 24. Nc5 Bc8 25. Bxf5 Bxf5 26. Rxf5 Rf8 27. Rxf8 Rxf8 28. Rxf8 Kxf8 29. b4
1-0

[Event "only players under 2000"]
[Site "SchemingMind.com"]
[Date "2018.05.16"]
[Round "-"]
[White "kenneth m day"]
[Black "Robert Hatfield"]
[Result "1/2-1/2"]
[WhiteCountry "USA"]
[BlackCountry "USA"]
[WhiteElo "1756"]
[WhiteRD "61"]
[BlackElo "1899"]
[BlackRD "79"]
[GameID "428277"]

1. e4 e6 2. d4 d5 3. Nd2 Be7 4. e5 Nh6 5. Bd3 c5 6. c3 cxd4 7. cxd4 Nc6 8. Ndf3 Nf5 9. Ne2 Qb6 10. Bxf5 exf5
11. Qc2 Be6 12. O-O Rc8 13. Qd2 O-O 14. a3 Na5 15. Qd3 Nb3 16. Rb1 Nxc1 17. Nxc1 Rc4 18. Na2 Rfc8 19. Nc3 Qa5 20. Nd2 R4c6
21. Nb3 Qb6 22. Na4 Qc7 23. h3 b6 24. Nc3 g6 25. Nd2 Qd7 26. Ne2 R8c7 27. Rbc1 Qc8 28. Rc3 Rxc3 29. Nxc3 Bxa3 30. Nb5 Bxb2
31. Nxc7 Qxc7 32. Rb1 Qc3 33. Qxc3 Bxc3 34. Nf3 h6 35. Rb3 Ba5 36. Rb1 Bc3 37. Rc1 Bb2 38. Rc2 Ba1 39. Ra2 Bc3 40. Rxa7 g5
41. Rb7 g4 42. hxg4 fxg4 43. Nh2 Bxd4 44. Kf1 Kg7 45. Ke2 Bxe5 46. Nf1 Bd4 47. Nd2 Bc5 48. Nb3 d4 49. Nxc5 bxc5 50. g3 c4
51. Rc7 Kf6 52. Kd2 Ke5 53. Rc6 Ke4 54. Rd6 d3 55. Rc6 Kf3=
1/2-1/2

[Event "only players under 2000"]
[Site "SchemingMind.com"]
[Date "2018.06.12"]
[Round "-"]
[White "fu_manchu"]
[Black "jolasebabes"]
[Result "0-1"]
[WhiteCountry "CAN"]
[BlackCountry "POR"]
[WhiteElo "1848"]
[WhiteRD "78"]
[BlackElo "2011"]
[BlackRD "84"]
[GameID "429238"]

1. d4 d5 2. c4 e6 3. Nc3 Nf6 4. Bg5 Be7 5. e3 Nbd7 6. Nf3 h6 7. Bh4 O-O 8. Bd3 dxc4 9. Bxc4 b6 10. O-O Bb7
11. Rc1 c5 12. h3 a6 13. dxc5 Nxc5 14. Nd4 b5 15. Be2 Nfe4 16. Bxe7 Qxe7 17. Nxe4 Bxe4 18. b4 Na4 19. Bf3 Bxf3 20. Nxf3 Qxb4
21. Ne5 Nc3 22. Qe1 Nxa2 23. Qxb4 Nxb4 24. Nd7 Rfd8 25. Nc5 Nd3 26. Nxd3 Rxd3
0-1

[Event "only players under 2000"]
[Site "SchemingMind.com"]
[Date "2018.06.12"]
[Round "-"]
[White "jolasebabes"]
[Black "fu_manchu"]
[Result "1-0"]
[WhiteCountry "POR"]
[BlackCountry "CAN"]
[WhiteElo "1975"]
[WhiteRD "97"]
[BlackElo "1812"]
[BlackRD "80"]
[GameID "429239"]

1. e4 c5 2. Nf3 d6 3. d4 cxd4 4. Nxd4 Nf6 5. Nc3 a6 6. h3 e6 7. g4 Be7 8. g5 Nfd7 9. h4 Nc6 10. Be3 Nde5
11. f4 Ng4 12. Qxg4 e5 13. Qg1 exd4 14. Bxd4 Nxd4 15. Qxd4 f6 16. Be2 Bd7 17. Bh5+ Kf8 18. O-O-O g6 19. Be2 Bc6 20. Bc4 Kg7
21. h5 gxh5 22. Nd5 Bxd5 23. Qxd5 Qf8 24. gxf6+ Bxf6 25. Rdg1+ Kh6 26. Qxh5#
1-0